000 00466nam a2200181Ia 4500
001 15867
005 20260306170227.0
008 260306t2017||||xx |||||||||||||| ||und||
041 _aESP
082 _a620.112
_bJ24
100 _aJaramillo Suárez, Héctor Enrique
_eAUT
245 0 _aResistencia de materiales:
_balgunos temas especiales
260 _c2017
300 _a455 páginas :
_c24 cm.
650 _aGEN
654 _aCII
942 _cLIB
_dJUS
_fJUS
_2ddc
_n
999 _c15867
_d15867